| Tag |
First Indicator |
Second Indicator |
Subfields |
| LEADER |
00000cam a2200000 a 4500 |
| 001 |
in00000953713 |
| 005 |
20150926140444.0 |
| 007 |
hd afv|||baca |
| 008 |
850511s1680 miu a 00000 eng d |
| 035 |
|
|
|a (OCoLC)12025050
|
| 035 |
|
|
|9 AEU3842AM
|
| 037 |
|
|
|a CL0037000016
|b UMI
|
| 037 |
|
|
|b University Microfilms International, 300 N. Zeeb Rd., Ann Arbor, MI 48106
|
| 040 |
|
|
|a EAA
|c EAA
|d m/c
|d UtOrBLW
|
| 043 |
|
|
|a e-uk-en
|
| 049 |
|
|
|a TXAI
|
| 099 |
|
|
|a film
|a B
|a 3609
|
| 245 |
0 |
2 |
|a A catalogue of the names of all His Majesties justices of the peace in commission in the several counties throughout England and Wales, according to the late alterations :
|b to which is added, the names of all those formerly in commission, now left out : carefully collected from the respective commissions of each county /
|c by S.N. Esquire.
|
| 264 |
|
3 |
|a London :
|b Printed for W. Davies,
|c 1680.
|
| 300 |
|
|
|a 4 unnumbered pages, 34 pages
|
| 336 |
|
|
|a text
|b txt
|2 rdacontent
|
| 337 |
|
|
|a microform
|b h
|2 rdamedia
|
| 338 |
|
|
|a microfilm reel
|b hd
|2 rdacarrier
|
| 500 |
|
|
|a Reproduction of original in Huntington Library.
|
| 510 |
4 |
|
|a Wing
|c N67
|
| 533 |
|
|
|a Microfilm.
|b Ann Arbor, Mich. :
|c University Microfilms,
|d 1975.
|e 1 microfilm reel; 35 mm.
|f (Early English books, 1641-1700; 571:11)
|
| 500 |
|
|
|a Microform.
|
| 650 |
|
0 |
|a Justices of the peace
|z England.
|
| 700 |
0 |
|
|a S. N.,
|c Esquire.
|
| 830 |
|
0 |
|a Early English books, 1641-1700 ;
|v 571:11.
|
| 999 |
|
|
|a MARS
|
| 999 |
f |
f |
|s ae1ae75e-f49c-3cce-969c-ead219042937
|i d30be688-23ce-3c41-80fd-d91225338484
|t 0
|
| 952 |
f |
f |
|p default
|a Texas A&M University
|b College Station
|c Sterling C. Evans Library
|d Evans: Microforms (3rd floor)
|t 0
|e film B 3609 571:11
|h Other scheme
|i microform -- microfilm reel
|
| 998 |
f |
f |
|a film B 3609 571:11
|t 0
|l Evans: Microforms (3rd floor)
|